000 00751nam a2200253Ia 4500
003 OSt
005 20220918203024.0
006 a|||||r|||| 00| 0
007 ta
008 220917b |||||||| |||| 00| 0 eng d
024 _a105,532
037 _cTextual
040 _aARTS
_cARTS
_beng
041 _2eng
_aeng
082 _aV3.N19<-I85, L9
100 _aBhattacherjee Arun
_9106417
245 0 _aHistory of Great Britain 1485-1919
260 _aNew Delhi
_bAssociated Publishing House
_c1979
300 _axii, 414p.
_ccm.
500 _aAppendix p384-389 (A-F); Bibliography p391-393
650 _aGREAT BRITAIN - HISTORY
_91540
942 _hV3.N19<-I85, L9
_cTEXL
_2CC
999 _c228891
_d228891